<?xml version="1.0" encoding="UTF-8"?>
<record
    xmlns:xsi="http://www.w3.org/2001/XMLSchema-instance"
    xsi:schemaLocation="http://www.loc.gov/MARC21/slim http://www.loc.gov/standards/marcxml/schema/MARC21slim.xsd"
    xmlns="http://www.loc.gov/MARC21/slim">

  <leader>04545nam a22004695i 4500</leader>
  <datafield tag="999" ind1=" " ind2=" ">
    <subfield code="c">26876</subfield>
    <subfield code="d">26876</subfield>
  </datafield>
  <controlfield tag="006">a|||||o|||| 00| 0 </controlfield>
  <controlfield tag="007">cr nn 008mamaa</controlfield>
  <controlfield tag="008">200527s2020    sz |    s    |||| 0|eng d</controlfield>
  <datafield tag="020" ind1=" " ind2=" ">
    <subfield code="a">9783030475314</subfield>
    <subfield code="q">Online Resource 1</subfield>
  </datafield>
  <datafield tag="072" ind1=" " ind2="7">
    <subfield code="a">KJMV8</subfield>
    <subfield code="2">bicssc</subfield>
  </datafield>
  <datafield tag="072" ind1=" " ind2="7">
    <subfield code="a">BUS087000</subfield>
    <subfield code="2">bisacsh</subfield>
  </datafield>
  <datafield tag="072" ind1=" " ind2="7">
    <subfield code="a">KJMV8</subfield>
    <subfield code="2">thema</subfield>
  </datafield>
  <datafield tag="082" ind1="0" ind2="4">
    <subfield code="a">658.7</subfield>
    <subfield code="2">23</subfield>
  </datafield>
  <datafield tag="100" ind1="1" ind2=" ">
    <subfield code="a">Subramanian, Nachiappan.</subfield>
  </datafield>
  <datafield tag="245" ind1="1" ind2="0">
    <subfield code="a">Blockchain and Supply Chain Logistics</subfield>
    <subfield code="h">[electronic resource] :</subfield>
    <subfield code="b">Evolutionary Case Studies /</subfield>
  </datafield>
  <datafield tag="250" ind1=" " ind2=" ">
    <subfield code="a">1st ed. 2020.</subfield>
  </datafield>
  <datafield tag="260" ind1=" " ind2=" ">
    <subfield code="a">London</subfield>
    <subfield code="b">Springer</subfield>
    <subfield code="c">2022</subfield>
  </datafield>
  <datafield tag="300" ind1=" " ind2=" ">
    <subfield code="a">XV, 93 p. 11 illus., 4 illus. in color.</subfield>
    <subfield code="b">online resource.</subfield>
  </datafield>
  <datafield tag="505" ind1="0" ind2=" ">
    <subfield code="a">Chapter 1. Information systems evolution in supply chains -- Chapter 2. Basics of blockchain -- Chapter 3. Blockchain application in food supply chain -- Chapter 4. Blockchain application in healthcare supply chain -- Chapter 5. Blockchain application in transportation supply chain -- Chapter 6. Blockchain application in retail supply chain (Yasa) -- Chapter 7. Blockchain application in manufacturing supply chain -- Chapter 8. Blockchain application in green/reverse supply chain. .</subfield>
  </datafield>
  <datafield tag="520" ind1=" " ind2=" ">
    <subfield code="a">This book introduces blockchain technology applications in supply chains. Blockchain is a relatively new tool, nevertheless, there have been considerable advances over the last five years, and blockchain is now poised to revolutionize the conventional supply chains with the offering of accountability and quality to the wider complex supply networks. Based on literature reviews and original research, this book serves as an essential introduction to blockchain and its applications in supply chain. The unique features of the book are empirical studies to demonstrate the application of blockchain technology in food, healthcare, manufacturing, transportation and retail sectors. Each chapter includes research framework and open research questions. Simple narration of concept and detailed insights from primary research information. Use case narrative will provoke the readers to demystify the myths in application of concepts in the supply chain . Overall, the book demystifies blockchain technology, reviews evolution and outlines its future applications by blending contents to meet the expectations of both academic and practice community. Professor Nachiappan Subramanian is a Professor of Operations and Logistics Management &amp; Supply Chains at the University of Sussex, UK. With over 22 years of teaching experience in the UK, China, Australia and India, he has published 95 journal articles on topics including technology interventions and sustainability in supply chains. Dr. Atanu Chaudhuri is an Associate Professor of Operations and Technology Management at Durham University Business School, UK, and an Adjunct Associate Professor of Operations and Supply Chain Management at Aalborg University, Denmark. His research focuses on the applications of digital technologies in supply chains, supply chain risk management and resilience. Dr. Ya&#x15F;anur Kay&#x131;kc&#x131; is a Consultant and Assistant Professor of Logistics and Technology Management at the Turkish-German University in Istanbul, Turkey. Her research interests include new technologies and innovations (such as Industry 4.0, the Internet of Things, blockchain, and big data), information systems in logistics and supply chains, collaborative business models, food supply chains, sustainability and the circular economy.</subfield>
  </datafield>
  <datafield tag="650" ind1=" " ind2="0">
    <subfield code="a">Business logistics.</subfield>
  </datafield>
  <datafield tag="650" ind1=" " ind2="0">
    <subfield code="a">Business information services.</subfield>
  </datafield>
  <datafield tag="650" ind1=" " ind2="0">
    <subfield code="a">Electronic commerce.</subfield>
  </datafield>
  <datafield tag="650" ind1=" " ind2="0">
    <subfield code="a">Software engineering&#x2014;Management.</subfield>
  </datafield>
  <datafield tag="650" ind1=" " ind2="0">
    <subfield code="a">Information technology&#x2014;Management.</subfield>
  </datafield>
  <datafield tag="650" ind1="1" ind2="4">
    <subfield code="a">Supply Chain Management.</subfield>
  </datafield>
  <datafield tag="650" ind1="2" ind2="4">
    <subfield code="a">Business Information Systems.</subfield>
  </datafield>
  <datafield tag="650" ind1="2" ind2="4">
    <subfield code="a">E-Business.</subfield>
  </datafield>
  <datafield tag="650" ind1="2" ind2="4">
    <subfield code="a">Software Management.</subfield>
  </datafield>
  <datafield tag="650" ind1="2" ind2="4">
    <subfield code="a">Business IT Infrastructure.</subfield>
  </datafield>
  <datafield tag="700" ind1="1" ind2=" ">
    <subfield code="a">Chaudhuri, Atanu.</subfield>
    <subfield code="e">author.</subfield>
    <subfield code="4">aut</subfield>
    <subfield code="4">http://id.loc.gov/vocabulary/relators/aut</subfield>
  </datafield>
  <datafield tag="700" ind1="1" ind2=" ">
    <subfield code="a">Kay&#x131;kc&#x131;, Ya&#x15F;anur.</subfield>
    <subfield code="e">author.</subfield>
    <subfield code="4">aut</subfield>
    <subfield code="4">http://id.loc.gov/vocabulary/relators/aut</subfield>
  </datafield>
  <datafield tag="710" ind1="2" ind2=" ">
    <subfield code="a">SpringerLink (Online service)</subfield>
  </datafield>
  <datafield tag="773" ind1="0" ind2=" ">
    <subfield code="t">Springer Nature eBook</subfield>
  </datafield>
  <datafield tag="776" ind1="0" ind2="8">
    <subfield code="i">Printed edition:</subfield>
    <subfield code="z">9783030475307</subfield>
  </datafield>
  <datafield tag="776" ind1="0" ind2="8">
    <subfield code="i">Printed edition:</subfield>
    <subfield code="z">9783030475321</subfield>
  </datafield>
  <datafield tag="776" ind1="0" ind2="8">
    <subfield code="i">Printed edition:</subfield>
    <subfield code="z">9783030475338</subfield>
  </datafield>
  <datafield tag="856" ind1="4" ind2="0">
    <subfield code="u">https://doi.org/10.1007/978-3-030-47531-4</subfield>
  </datafield>
  <datafield tag="942" ind1=" " ind2=" ">
    <subfield code="2">ddc</subfield>
    <subfield code="c">EBK</subfield>
  </datafield>
  <datafield tag="950" ind1=" " ind2=" ">
    <subfield code="a">Business and Management (SpringerNature-41169)</subfield>
  </datafield>
  <datafield tag="950" ind1=" " ind2=" ">
    <subfield code="a">Business and Management (R0) (SpringerNature-43719)</subfield>
  </datafield>
</record>
